| 000 | 00952nam a2200253 i 4500 | ||
|---|---|---|---|
| 001 | bg | ||
| 245 | 0 | 0 |
_aInformation systems architecture and technology : _bweb information systems : models, concepts & challenges / _ced. Leszek Borzemski [et al.] ; Wrocław Uniwersity [!] of Technology. |
| 260 |
_aWrocław : _bOficyna Wydawnicza Politechniki Wrocławskiej, _c2008. |
||
| 300 |
_a283 s. : _bil. ; _c24 cm. |
||
| 490 | 1 |
_aBiblioteka Informatyki Szkół Wyższych = _aLibrary of Informatics of University Level Schools |
|
| 504 | _aBibliogr. przy pracach. | ||
| 650 | 9 | _aSystemy informatyczne zarządzania | |
| 700 | 1 |
_aBorzemski, Leszek _d(1952- ). _eRed. |
|
| 830 | 0 | _aBiblioteka Informatyki Szkół Wyższych | |
| 015 | _aPB 30132/2008 | ||
| 020 | _a9788374934145 | ||
| 040 | _cBPK | ||
| 041 | _apol | ||
| 044 | _aPOL | ||
| 080 | _a004.65:005 | ||
| 920 | _a978-83-7493-414-5 | ||
| 942 | _cKS | ||
| 008 | 090803s2008 pl a |000 0 eng | ||
| 999 |
_c56581 _d56581 |
||
| 856 |
_uhttp://koha.tu.koszalin.pl/cgi-bin/koha/opac-detail.pl?biblionumber=56581 _yKatalog online BPK |
||